<?xml version="1.0" encoding="UTF-8"?>
<marc:record xmlns:marc="http://www.loc.gov/MARC21/slim">
   <marc:leader>00000nam a2200000 a 4500</marc:leader>
   <marc:datafield ind1=" " ind2=" " tag="653">
      <marc:subfield code="a">Tiere</marc:subfield>
   </marc:datafield>
   <marc:datafield ind1=" " ind2=" " tag="653">
      <marc:subfield code="a">USA</marc:subfield>
   </marc:datafield>
   <marc:datafield ind1=" " ind2=" " tag="653">
      <marc:subfield code="a">Mexiko</marc:subfield>
   </marc:datafield>
   <marc:datafield ind1=" " ind2=" " tag="653">
      <marc:subfield code="a">Cuetzalan</marc:subfield>
   </marc:datafield>
   <marc:datafield ind1=" " ind2=" " tag="653">
      <marc:subfield code="a">Albanien</marc:subfield>
   </marc:datafield>
   <marc:datafield ind1=" " ind2=" " tag="653">
      <marc:subfield code="a">Öl</marc:subfield>
   </marc:datafield>
   <marc:datafield ind1=" " ind2=" " tag="653">
      <marc:subfield code="a">CO2</marc:subfield>
   </marc:datafield>
   <marc:datafield ind1=" " ind2=" " tag="653">
      <marc:subfield code="a">Energiewende</marc:subfield>
   </marc:datafield>
   <marc:datafield ind1=" " ind2=" " tag="653">
      <marc:subfield code="a">Klimawandel</marc:subfield>
   </marc:datafield>
   <marc:datafield ind1=" " ind2=" " tag="653">
      <marc:subfield code="a">Ölbohrungen</marc:subfield>
   </marc:datafield>
   <marc:datafield ind1=" " ind2=" " tag="653">
      <marc:subfield code="a">Tierwohl</marc:subfield>
   </marc:datafield>
   <marc:datafield ind1="0" ind2="0" tag="245">
      <marc:subfield code="a">GEO 2024 / 03</marc:subfield>
   </marc:datafield>
   <marc:datafield ind1="0" ind2="0" tag="245">
      <marc:subfield code="b">die Welt mit anderen Augen sehen</marc:subfield>
   </marc:datafield>
   <marc:datafield ind1=" " ind2="1" tag="264">
      <marc:subfield code="a">Hamburg</marc:subfield>
      <marc:subfield code="b">Gruner u. Jahr</marc:subfield>
      <marc:subfield code="c">2024</marc:subfield>
   </marc:datafield>
   <marc:datafield ind1="1" ind2=" " tag="490">
      <marc:subfield code="a">-</marc:subfield>
   </marc:datafield>
   <marc:datafield ind1="1" ind2=" " tag="520">
      <marc:subfield code="a">Inhalt:&#xD;
&#xD;
Titelthema: Tierwohl:&#xD;
Einer von uns:&#xD;
Tiere leben in reichen Gefühls- und Gedankenwelten&#xD;
&#xD;
Interview:&#xD;
"Wir sollten uns schämen":&#xD;
Die Philosophin Martha C. Nussbaum fordert politische Rechte für Tiere&#xD;
&#xD;
Albanien:&#xD;
Ein Leben in Öl:&#xD;
Die Ölförderung macht Natur und Menschen krank&#xD;
&#xD;
USA 1787:&#xD;
Wir, das Volk:&#xD;
Erste demokratische Verfassung&#xD;
&#xD;
Mexiko:&#xD;
Die fliegenden Menschen von Cuetzalan:&#xD;
Menschen, die zu Adlern werden&#xD;
&#xD;
Energiewende:&#xD;
Alles auf null:&#xD;
Kohlenstoffdioxid heizt den Klimawandel an&#xD;
&#xD;
Kosmos:&#xD;
In Kanada sollen Drohnen eine Milliarde Bäume pflanzen. Bauern in Montenegro verteidigen ihre Almen gegen das Militär. Dazu Geschichten in Bildern aus Indien, Finnland, Jemen und Vietnam&#xD;
&#xD;
361 Grad:&#xD;
Wwie entdeckt man Geisterteilchen? Wie wird Fischhaut zum Wundpflaster? Diese und andere Fragen aus der Forschung</marc:subfield>
   </marc:datafield>
   <marc:datafield ind1=" " ind2=" " tag="022">
      <marc:subfield code="a">03428311</marc:subfield>
   </marc:datafield>
   <marc:datafield ind1=" " ind2=" " tag="041">
      <marc:subfield code="a">ger</marc:subfield>
   </marc:datafield>
   <marc:datafield ind1=" " ind2=" " tag="338">
      <marc:subfield code="a">Band</marc:subfield>
   </marc:datafield>
</marc:record>
